[Event "Moscow Stars Blitz"]
[Site "Moscow"]
[Date "2025.06.30"]
[Round "15"]
[White "Goryachkina, Aleksandra"]
[Black "Gunina, Valentina"]
[Result "1-0"]
[WhiteElo "2533"]
[BlackElo "2416"]
[PlyCount "61"]
[EventDate "2025.06.29"]
[EventType "tourn (blitz)"]
[EventRounds "18"]
[EventCountry "RUS"]
[EventCategory "15"]
[SourceTitle "CB27_2025"]
[SourceDate "2025.07.02"]
[SourceVersion "1"]
[SourceVersionDate "2025.07.02"]
[SourceQuality "1"]

1. d4 Nf6 2. c4 e6 3. Nf3 b6 4. g3 Bb7 5. Bg2 Bb4+ 6. Bd2 a5 7. 0-0 0-0 8. Nc3 d6 9. Rc1 Nbd7 10. Nb5 Bxd2 11. Qxd2 Ne4 12. Qc2 f5 13. b3 Ndf6 14. d5 e5 15. Nd2 Nxd2 16. Qxd2 Bc8 17. a3 Bd7 18. Nc3 Nh5 19. b4 Qf6 20. c5 axb4 21. axb4 bxc5 22. bxc5 f4 23. Ne4 Qg6 24. cxd6 cxd6 25. Qb4 Ra2 26. Qxd6 Qxd6 27. Nxd6 fxg3 28. fxg3 Rxf1+ 29. Bxf1 Nf6 30. Nc4 Ra5 31. Nxa5 1-0

[Event "Moscow Stars Blitz"]
[Site "Moscow"]
[Date "2025.06.29"]
[Round "1"]
[White "Assaubayeva, Bibissara"]
[Black "Gunina, Valentina"]
[Result "0-1"]
[WhiteElo "2509"]
[BlackElo "2416"]
[PlyCount "80"]
[EventDate "2025.06.29"]
[EventType "tourn (blitz)"]
[EventRounds "18"]
[EventCountry "RUS"]
[EventCategory "15"]
[SourceTitle "CB27_2025"]
[SourceDate "2025.07.02"]
[SourceVersion "1"]
[SourceVersionDate "2025.07.02"]
[SourceQuality "1"]

1. e4 c6 2. d4 d5 3. e5 c5 4. Qh5 Nc6 5. dxc5 e6 6. Nf3 Bxc5 7. Bd3 Nb4 8. 0-0 Nxd3 9. cxd3 Ne7 10. d4 Bb6 11. Bg5 Bd7 12. Nc3 Bc6 13. Rac1 Qd7 14. Rfd1 0-0 15. Qg4 Kh8 16. Ne2 f5 17. exf6 gxf6 18. Bh6 Rf7 19. Ng3 Rg8 20. Qh3 Ng6 21. Re1 e5 22. Qxd7 Bxd7 23. dxe5 fxe5 24. Be3 d4 25. Bd2 Re8 26. Ne4 Rxf3 27. gxf3 Nh4 28. Red1 Nxf3+ 29. Kf1 Bb5+ 30. Kg2 Be2 31. Re1 Rg8+ 32. Ng3 d3 33. Kh1 Nxe1 34. Bxe1 Bf3+ 35. Kg1 h5 36. h4 e4 37. Kf1 Rxg3 38. fxg3 e3 39. Rc8+ Kh7 40. Re8 e2+ 0-1

[Event "Moscow Stars Blitz"]
[Site "Moscow"]
[Date "2025.06.29"]
[Round "7"]
[White "Radjabov, Teimour"]
[Black "Gunina, Valentina"]
[Result "0-1"]
[WhiteElo "2692"]
[BlackElo "2416"]
[PlyCount "80"]
[EventDate "2025.06.29"]
[EventType "tourn (blitz)"]
[EventRounds "18"]
[EventCountry "RUS"]
[EventCategory "15"]
[SourceTitle "CB27_2025"]
[SourceDate "2025.07.02"]
[SourceVersion "1"]
[SourceVersionDate "2025.07.02"]
[SourceQuality "1"]

1. e4 c5 2. Nf3 Nc6 3. Bb5 e6 4. 0-0 Nge7 5. Re1 Nd4 6. Nxd4 cxd4 7. c3 a6 8. Bf1 Nc6 9. b4 Be7 10. Bb2 d5 11. e5 0-0 12. a3 Qb6 13. cxd4 Nxd4 14. Nc3 Bd7 15. Rc1 a5 16. Qg4 Nf5 17. b5 Qd8 18. Bd3 g6 19. a4 Bb4 20. Bxf5 exf5 21. Qf4 Be6 22. Ne2 g5 23. Qe3 f4 24. Qd3 Rc8 25. Bc3 Rc4 26. Ra1 Qb6 27. Bd4 Bc5 28. Bxc5 Qxc5 29. h3 Rc8 30. Qf3 Kg7 31. Qh5 h6 32. h4 g4 33. Rad1 f3 34. d4 fxe2 35. dxc5 exd1Q 36. Rxd1 R8xc5 37. Kh2 Rxa4 38. Rd3 Re4 39. Rg3 d4 40. f3 Rcxe5 0-1

[Event "Moscow Stars Blitz"]
[Site "Moscow"]
[Date "2025.06.29"]
[Round "3"]
[White "Tomashevsky, Evgeny"]
[Black "Gunina, Valentina"]
[Result "1/2-1/2"]
[WhiteElo "2681"]
[BlackElo "2416"]
[PlyCount "39"]
[EventDate "2025.06.29"]
[EventType "tourn (blitz)"]
[EventRounds "18"]
[EventCountry "RUS"]
[EventCategory "15"]
[SourceTitle "CB27_2025"]
[SourceDate "2025.07.02"]
[SourceVersion "1"]
[SourceVersionDate "2025.07.02"]
[SourceQuality "1"]

1. e4 c5 2. Nf3 Nc6 3. Bb5 e6 4. Bxc6 bxc6 5. d3 Ne7 6. Nbd2 f6 7. h4 d6 8. h5 e5 9. Nh4 Be6 10. Nf1 c4 11. d4 g5 12. Nf3 h6 13. Be3 Kf7 14. Ng3 Bg7 15. dxe5 fxe5 16. Qe2 Qd7 17. Rd1 Rhf8 18. Bc5 Nc8 19. Nf5 Bxf5 20. exf5 1/2-1/2

[Event "Moscow Stars Rapid"]
[Site "Moscow"]
[Date "2025.06.28"]
[Round "7"]
[White "Radjabov, Teimour"]
[Black "Gunina, Valentina"]
[Result "1/2-1/2"]
[WhiteElo "2692"]
[BlackElo "2416"]
[PlyCount "49"]
[EventDate "2025.06.26"]
[EventType "tourn (rapid)"]
[EventRounds "9"]
[EventCountry "RUS"]
[EventCategory "15"]
[SourceTitle "CB27_2025"]
[SourceDate "2025.07.02"]
[SourceVersion "1"]
[SourceVersionDate "2025.07.02"]
[SourceQuality "1"]

1. d4 d5 2. Nf3 Nf6 3. Bf4 c5 4. dxc5 e6 5. e3 Bxc5 6. Nbd2 0-0 7. Bd3 Nc6 8. 0-0 Re8 9. e4 e5 10. Bg5 dxe4 11. Nxe4 Be7 12. Bxf6 Bxf6 13. Nd6 Rf8 14. Nxc8 Rxc8 15. c3 g6 16. Re1 Bg7 17. Be4 Qe7 18. Qe2 Rfe8 19. Bd5 Kh8 20. h4 f5 21. Ng5 Bf6 22. Nf7+ Kg7 23. h5 Nd8 24. Nxd8 Rcxd8 25. Rad1 1/2-1/2

[Event "Moscow Stars Rapid"]
[Site "Moscow"]
[Date "2025.06.27"]
[Round "5"]
[White "Artemiev, Vladislav"]
[Black "Gunina, Valentina"]
[Result "1-0"]
[WhiteElo "2676"]
[BlackElo "2416"]
[PlyCount "129"]
[EventDate "2025.06.26"]
[EventType "tourn (rapid)"]
[EventRounds "9"]
[EventCountry "RUS"]
[EventCategory "15"]
[SourceTitle "CB27_2025"]
[SourceDate "2025.07.02"]
[SourceVersion "1"]
[SourceVersionDate "2025.07.02"]
[SourceQuality "1"]

1. Nf3 d5 2. e3 c6 3. b3 Bg4 4. h3 Bxf3 5. Qxf3 Nf6 6. Bb2 e6 7. g3 Bd6 8. Bg2 Nbd7 9. Qe2 Qe7 10. d3 0-0 11. 0-0 a5 12. a3 e5 13. c4 Nc5 14. Nd2 Rfe8 15. cxd5 cxd5 16. d4 Ncd7 17. dxe5 Bxe5 18. Nf3 Bxb2 19. Qxb2 a4 20. b4 Nb6 21. Qd4 Nc4 22. Nd2 Rac8 23. Rfc1 Red8 24. Nb1 Ne4 25. Nc3 Ned2 26. Nxd5 Qe6 27. Qg4 f5 28. Qxf5 Qxf5 29. Ne7+ Kf8 30. Nxf5 Nb3 31. Bxb7 Rc7 32. Ba6 Nxa1 33. Rxa1 Nd2 34. Nd4 Nb3 35. Ne6+ Ke7 36. Nxc7 Nxa1 37. Bb5 Nc2 38. Bxa4 Nxa3 39. Nb5 Ra8 40. Nxa3 Rxa4 41. Nc2 Kd6 42. b5 Ke5 43. Kg2 Ke4 44. Nd4 Rb4 45. Ne6 g6 46. Ng5+ Kf5 47. Nxh7 g5 48. g4+ Kg6 49. Nf8+ Kf7 50. Nd7 Rxb5 51. f4 Rd5 52. Ne5+ Kf6 53. Nf3 gxf4 54. exf4 Ra5 55. h4 Ra4 56. Kg3 Ra3 57. h5 Rb3 58. h6 Kg6 59. g5 Ra3 60. Kg4 Ra4 61. Ne5+ Kh7 62. Nc6 Ra6 63. Ne7 Ra4 64. Kh5 Kh8 65. g6 1-0

[Event "Moscow Stars Rapid"]
[Site "Moscow"]
[Date "2025.06.27"]
[Round "4"]
[White "Gunina, Valentina"]
[Black "Karjakin, Sergey"]
[Result "1/2-1/2"]
[WhiteElo "2416"]
[BlackElo "2750"]
[PlyCount "65"]
[EventDate "2025.06.26"]
[EventType "tourn (rapid)"]
[EventRounds "9"]
[EventCountry "RUS"]
[EventCategory "15"]
[SourceTitle "CB27_2025"]
[SourceDate "2025.07.02"]
[SourceVersion "1"]
[SourceVersionDate "2025.07.02"]
[SourceQuality "1"]

1. d4 Nf6 2. c4 e6 3. Nf3 b6 4. g3 c6 5. Bg2 d5 6. 0-0 Be7 7. Nc3 0-0 8. b3 Ba6 9. Bf4 Nbd7 10. cxd5 cxd5 11. a4 Nh5 12. Bd2 Nhf6 13. Bf4 Nh5 14. Bd2 Bb7 15. Ne5 Nhf6 16. Bf4 Nxe5 17. dxe5 Nd7 18. e4 Rc8 19. Nb5 dxe4 20. Nxa7 Rc3 21. Nb5 Rd3 22. Qe2 g5 23. Bxe4 Bxe4 24. Qxe4 Nc5 25. Qe2 gxf4 26. Qg4+ Kh8 27. b4 Nb3 28. Ra2 Nd2 29. Rxd2 Rxd2 30. Qxf4 Qd3 31. Nd6 Qd4 32. Qh6 Bxd6 33. Qf6+ 1/2-1/2

[Event "Moscow Stars Rapid"]
[Site "Moscow"]
[Date "2025.06.26"]
[Round "2"]
[White "Gunina, Valentina"]
[Black "Hou, Yifan"]
[Result "0-1"]
[WhiteElo "2416"]
[BlackElo "2633"]
[PlyCount "134"]
[EventDate "2025.06.26"]
[EventType "tourn (rapid)"]
[EventRounds "9"]
[EventCountry "RUS"]
[EventCategory "15"]
[SourceTitle "CB27_2025"]
[SourceDate "2025.07.02"]
[SourceVersion "1"]
[SourceVersionDate "2025.07.02"]
[SourceQuality "1"]

1. d4 Nf6 2. c4 e6 3. Nf3 d5 4. Nc3 h6 5. e3 Nbd7 6. c5 c6 7. b4 Qc7 8. Bb2 Be7 9. Bd3 b6 10. 0-0 a5 11. a3 Ba6 12. b5 cxb5 13. c6 Qxc6 14. Rc1 Qb7 15. Nxb5 0-0 16. Rc7 Qb8 17. Qc2 Rc8 18. Rc1 Ne8 19. Rxc8 Qxc8 20. Qe2 Qd8 21. e4 dxe4 22. Bxe4 Bxb5 23. Qxb5 Nd6 24. Qd3 Nxe4 25. Qxe4 Rc8 26. Rxc8 Qxc8 27. d5 Bf6 28. dxe6 Bxb2 29. exd7 Qxd7 30. Qa8+ Kh7 31. Qe4+ f5 32. Qb1 Bxa3 33. Ne5 Qe6 34. f4 Bc5+ 35. Kf1 Bd4 36. Nf3 Bf6 37. Qb5 Kh8 38. Kf2 Kh7 39. h3 Kg6 40. Kg3 Kh7 41. h4 g6 42. Qa6 Bg7 43. Qa7 Qb3 44. h5 gxh5 45. Qd7 a4 46. Qxf5+ Kh8 47. Qc8+ Qg8 48. Qa6 a3 49. Kh2 a2 50. Ne5 Bxe5 51. fxe5 h4 52. Qf1 Qe6 53. Kg1 Kg7 54. Qa1 Kf7 55. Qc3 Kg6 56. Qd3+ Kg5 57. Qe3+ Kf5 58. Qc3 Qd5 59. Qc8+ Kxe5 60. Qc7+ Ke4 61. Qc2+ Kd4 62. Qb2+ Kc5 63. Kh2 Qd6+ 64. g3 Qxg3+ 65. Kh1 Qe1+ 66. Kh2 a1Q 67. Qc2+ Qac3 0-1

[Event "Asia-ch (Women)"]
[Site "Al Ain"]
[Date "2025.05.13"]
[Round "7"]
[White "Gunina, Valentina"]
[Black "Munguntuul, Batkhuyag"]
[Result "1-0"]
[WhiteElo "2425"]
[BlackElo "2359"]
[PlyCount "67"]
[EventDate "2025.05.07"]
[EventType "swiss"]
[EventRounds "9"]
[EventCountry "UAE"]
[SourceTitle "CB21_2025"]
[SourceDate "2025.05.21"]
[SourceVersion "1"]
[SourceVersionDate "2025.05.21"]
[SourceQuality "1"]

1. d4 d5 2. c4 c6 3. Nc3 Nf6 4. e3 e6 5. Nf3 Nbd7 6. Be2 Bd6 7. b3 0-0 8. 0-0 b6 9. Bb2 Bb7 10. Qc2 Qe7 11. Rad1 Rad8 12. h3 Rfe8 13. Rfe1 h6 14. Bd3 e5 15. e4 dxc4 16. Bxc4 exd4 17. Nxd4 Bb8 18. Nf5 Qf8 19. Ne2 b5 20. Bd3 c5 21. Neg3 a6 22. a4 g6 23. axb5 axb5 24. Bxb5 gxf5 25. Bxd7 Nxd7 26. Nh5 Rxe4 27. Rxe4 Bxe4 28. Qd2 Kh7 29. Bg7 Qd6 30. Qxd6 Bxd6 31. Rxd6 f6 32. Bxf6 Nxf6 33. Nxf6+ Kg6 34. Nxe4+ 1-0

[Event "Asia-ch (Women)"]
[Site "Al Ain"]
[Date "2025.05.10"]
[Round "4"]
[White "Bodnaruk, Anastasia"]
[Black "Gunina, Valentina"]
[Result "1-0"]
[WhiteElo "2332"]
[BlackElo "2425"]
[PlyCount "117"]
[EventDate "2025.05.07"]
[EventType "swiss"]
[EventRounds "9"]
[EventCountry "UAE"]
[SourceTitle "CB21_2025"]
[SourceDate "2025.05.21"]
[SourceVersion "1"]
[SourceVersionDate "2025.05.21"]
[SourceQuality "1"]

1. e4 c5 2. Nf3 Nc6 3. Bb5 e6 4. 0-0 Nge7 5. Re1 a6 6. Bf1 Nd4 7. Nxd4 cxd4 8. c3 Nc6 9. b4 Bd6 10. Bb2 dxc3 11. dxc3 Qc7 12. h3 0-0 13. Nd2 Be7 14. a3 b6 15. c4 Bb7 16. g3 Rad8 17. Bg2 a5 18. b5 Ne5 19. Qe2 d6 20. Rac1 Bf6 21. Nb3 Rc8 22. f4 Nd7 23. Bxf6 Nxf6 24. a4 e5 25. fxe5 dxe5 26. c5 bxc5 27. Rxc5 Qd6 28. Qe3 h5 29. Kh2 h4 30. g4 Ba8 31. Rec1 Rcd8 32. R5c4 Qa3 33. Qc3 Nd7 34. Nxa5 Qxc3 35. R4xc3 Nb6 36. Nc6 Nxa4 37. Ra3 Bxc6 38. bxc6 Nb6 39. c7 Rd2 40. Rb3 Nc8 41. g5 Kh7 42. Kg1 f6 43. g6+ Kxg6 44. Bf3 Kg5 45. Bg4 g6 46. Rb8 f5 47. exf5 gxf5 48. Bxf5 Kf4 49. Rxc8 Rf7 50. Rh8 Rxc7 51. Rxc7 Kxf5 52. Rxh4 Ra2 53. Rf7+ Ke6 54. Rf2 Ra1+ 55. Kg2 Re1 56. Kf3 Ra1 57. Rh6+ Kf5 58. Kg3+ Ke4 59. Re2+ 1-0

[Event "Asia-ch (Women) Blitz"]
[Site "Al Ain"]
[Date "2025.05.10"]
[Round "8"]
[White "Garifullina, Leya"]
[Black "Gunina, Valentina"]
[Result "0-1"]
[WhiteElo "2467"]
[BlackElo "2425"]
[PlyCount "72"]
[EventDate "2025.05.10"]
[EventType "swiss (blitz)"]
[EventRounds "9"]
[EventCountry "UAE"]
[SourceTitle "CB20_2025"]
[SourceDate "2025.05.14"]
[SourceVersion "1"]
[SourceVersionDate "2025.05.14"]
[SourceQuality "1"]

1. e4 c5 2. Nf3 Nc6 3. Bb5 e6 4. 0-0 Nge7 5. Re1 a6 6. Bf1 Nd4 7. Nxd4 cxd4 8. c3 Nc6 9. b4 Be7 10. Bb2 d5 11. exd5 Qxd5 12. a4 0-0 13. Na3 Rb8 14. b5 Na5 15. cxd4 axb5 16. axb5 b6 17. Bc3 Bb7 18. Bxa5 bxa5 19. Nc4 Qxd4 20. Nxa5 Bc5 21. Qe2 Bd5 22. Rac1 Rb6 23. Qe3 Qxe3 24. fxe3 Bb4 25. Nc4 Rxb5 26. Rb1 Rbb8 27. Red1 Rfc8 28. d3 g6 29. Kf2 Bc5 30. Ne5 Bd6 31. Nd7 Rxb1 32. Rxb1 Rc2+ 33. Kg1 Kg7 34. Nb6 Ba2 35. Rd1 Bc5 36. Re1 Bxb6 0-1

[Event "Asia-ch (Women) Blitz"]
[Site "Al Ain"]
[Date "2025.05.10"]
[Round "9"]
[White "Gunina, Valentina"]
[Black "Song, Yuxin"]
[Result "1/2-1/2"]
[WhiteElo "2425"]
[BlackElo "2397"]
[PlyCount "75"]
[EventDate "2025.05.10"]
[EventType "swiss (blitz)"]
[EventRounds "9"]
[EventCountry "UAE"]
[SourceTitle "CB20_2025"]
[SourceDate "2025.05.14"]
[SourceVersion "1"]
[SourceVersionDate "2025.05.14"]
[SourceQuality "1"]

1. e4 c5 2. Nf3 d6 3. d4 cxd4 4. Nxd4 Nf6 5. Nc3 a6 6. Bg5 e6 7. f4 Nbd7 8. Qf3 h6 9. Bh4 Qc7 10. 0-0-0 b5 11. Bd3 Be7 12. e5 Bb7 13. Qh3 dxe5 14. Nxe6 fxe6 15. Bg6+ Kd8 16. fxe5 Qxe5 17. Rhe1 Qf4+ 18. Kb1 Qg4 19. Qe3 Qxh4 20. Qxe6 Qc4 21. Qxe7+ Kc7 22. Qd6+ Kc8 23. Re7 Rd8 24. Bf5 Qc6 25. Qg3 Qc5 26. Bxd7+ Nxd7 27. Qxg7 Bc6 28. Ne4 Qh5 29. g4 Qxh2 30. Nc5 Ra7 31. Ne6 Be4 32. Rc1 Nb6 33. Nxd8 Rxe7 34. Qxe7 Ba8 35. Qe6+ Kc7 36. Qe7+ Kb8 37. Ne6 Nc4 38. Rd1 1/2-1/2

[Event "Asia-ch (Women) Blitz"]
[Site "Al Ain"]
[Date "2025.05.10"]
[Round "2"]
[White "Uuriintuya, Uurtsaikh"]
[Black "Gunina, Valentina"]
[Result "0-1"]
[WhiteElo "2187"]
[BlackElo "2425"]
[PlyCount "68"]
[EventDate "2025.05.10"]
[EventType "swiss (blitz)"]
[EventRounds "9"]
[EventCountry "UAE"]
[SourceTitle "CB20_2025"]
[SourceDate "2025.05.14"]
[SourceVersion "1"]
[SourceVersionDate "2025.05.14"]
[SourceQuality "1"]

1. e4 c5 2. Nf3 Nc6 3. d4 cxd4 4. Nxd4 e5 5. Nb5 d6 6. N1c3 a6 7. Na3 Be6 8. Nc4 Rb8 9. a4 Nf6 10. Bg5 Nb4 11. Ne3 Be7 12. Bc4 0-0 13. 0-0 Rc8 14. Bxf6 Bxf6 15. Bd5 Nxd5 16. Nexd5 Bg5 17. a5 Rc5 18. Nb6 f5 19. exf5 Bxf5 20. Qe2 Be7 21. Rfd1 Qe8 22. Ne4 Rc6 23. c3 Qg6 24. Nd5 Bd8 25. Ng3 Be6 26. Qe4 Qxe4 27. Nxe4 Bf5 28. Ng3 Bc2 29. Rd2 Bb3 30. Nb4 Rc5 31. Rxd6 Rxa5 32. Re1 Be7 33. Rb6 Bc5 34. Rxb7 Bxf2+ 0-1

[Event "RUS-chT (Women)"]
[Site "Sochi"]
[Date "2025.04.30"]
[Round "5.1"]
[White "Bodnaruk, Anastasia"]
[Black "Gunina, Valentina"]
[Result "1-0"]
[WhiteElo "2332"]
[BlackElo "2425"]
[PlyCount "129"]
[EventDate "2025.04.26"]
[EventType "team-swiss"]
[EventRounds "9"]
[EventCountry "RUS"]
[SourceTitle "CB19_2025"]
[SourceDate "2025.05.07"]
[SourceVersion "1"]
[SourceVersionDate "2025.05.07"]
[SourceQuality "1"]
[WhiteTeam "St Petersburg SSHOR (W)"]
[BlackTeam "Moscow Sbornaya (W)"]
[WhiteTeamCountry "RUS"]
[BlackTeamCountry "RUS"]

1. e4 c6 2. d4 d5 3. Nc3 dxe4 4. Nxe4 Nf6 5. Nxf6+ exf6 6. c3 Bd6 7. Bd3 0-0 8. Qc2 Re8+ 9. Ne2 h5 10. Be3 Nd7 11. 0-0-0 Nf8 12. Kb1 Be6 13. c4 Rc8 14. a3 Ng6 15. Nc3 Bf8 16. Rhe1 Qc7 17. g3 Bg4 18. Rc1 Qd7 19. f3 Bh3 20. g4 hxg4 21. Bf5 Qc7 22. fxg4 Rcd8 23. Qf2 Ne7 24. Qf3 Nxf5 25. gxf5 Qxh2 26. Re2 Bxf5+ 27. Qxf5 Qh7 28. Qxh7+ Kxh7 29. Rh1+ Kg8 30. d5 Bd6 31. dxc6 bxc6 32. Bxa7 Be5 33. Kc2 f5 34. Bb6 Rd7 35. a4 f6 36. a5 f4 37. Ne4 Kf7 38. a6 Rb8 39. Nc5 Rd4 40. a7 Rxc4+ 41. Kd3 Rd4+ 42. Kc3 Ra8 43. Nd3 Rd5+ 44. Kc4 Bd6 45. Rhe1 Rh5 46. Re6 Be5 47. Rxc6 Rh2 48. Nxe5+ fxe5 49. Rxe5 Rc2+ 50. Kd5 Rxb2 51. Rf5+ Kg8 52. Rxf4 Rxb6 53. Rxb6 Rxa7 54. Ke6 Kh7 55. Rg4 Ra1 56. Rb7 Re1+ 57. Kf5 Rf1+ 58. Kg5 Ra1 59. Rh4+ Kg8 60. Rb8+ Kf7 61. Rf4+ Ke6 62. Re8+ Kd6 63. Rd4+ Kc5 64. Rd2 Rg1+ 65. Kf5 1-0

[Event "Moscow Blondes-Brunettes m 14th"]
[Site "Moscow"]
[Date "2025.03.19"]
[Round "8.1"]
[White "Bogumil, Tatiana"]
[Black "Gunina, Valentina"]
[Result "0-1"]
[WhiteElo "2060"]
[BlackElo "2425"]
[PlyCount "54"]
[EventDate "2025.03.19"]
[EventType "schev (blitz)"]
[EventRounds "10"]
[EventCountry "RUS"]
[SourceTitle "CB13_2025"]
[SourceDate "2025.03.26"]
[SourceVersion "1"]
[SourceVersionDate "2025.03.26"]
[SourceQuality "1"]
[WhiteTeam "Brunettes (W)"]
[BlackTeam "Blondes (W)"]
[WhiteTeamCountry "RUS"]
[BlackTeamCountry "RUS"]

1. Nf3 d5 2. c4 d4 3. b4 a5 4. b5 c5 5. bxc6 Nxc6 6. d3 e5 7. g3 Bb4+ 8. Nfd2 Nf6 9. Bg2 0-0 10. 0-0 Bg4 11. h3 Bh5 12. a3 Be7 13. Ne4 Nxe4 14. Bxe4 f5 15. Bg2 e4 16. g4 fxg4 17. Bxe4 gxh3 18. Kh1 Bd6 19. Nd2 Qd7 20. Nf3 Rae8 21. Rg1 Kh8 22. Bg5 Ne5 23. Nxe5 Rxe5 24. Bh4 b5 25. cxb5 Rxe4 26. dxe4 Qxb5 27. f3 d3 0-1

[Event "Moscow Blondes-Brunettes m 14th"]
[Site "Moscow"]
[Date "2025.03.19"]
[Round "10.1"]
[White "Goriachkina, Oksana"]
[Black "Gunina, Valentina"]
[Result "0-1"]
[WhiteElo "2048"]
[BlackElo "2425"]
[PlyCount "48"]
[EventDate "2025.03.19"]
[EventType "schev (blitz)"]
[EventRounds "10"]
[EventCountry "RUS"]
[SourceTitle "CB13_2025"]
[SourceDate "2025.03.26"]
[SourceVersion "1"]
[SourceVersionDate "2025.03.26"]
[SourceQuality "1"]
[WhiteTeam "Brunettes (W)"]
[BlackTeam "Blondes (W)"]
[WhiteTeamCountry "RUS"]
[BlackTeamCountry "RUS"]

1. d4 Nf6 2. c4 e6 3. Nf3 Bb4+ 4. Bd2 a5 5. g3 0-0 6. Bg2 d5 7. c5 b6 8. cxb6 c5 9. Bxb4 cxb4 10. 0-0 Qxb6 11. Nbd2 Ba6 12. Re1 Nc6 13. Nb3 Ne4 14. Nfd2 a4 15. Nxe4 axb3 16. Nc5 Rfc8 17. axb3 Nxd4 18. Nd7 Qd8 19. Qxd4 Qxd7 20. Qxb4 Rab8 21. Qa4 Bb5 22. Qd4 h6 23. e4 dxe4 24. Qxe4 Qd2 0-1

[Event "Wch Blitz (Women)"]
[Site "New York"]
[Date "2024.12.30"]
[Round "4"]
[White "Gunina, Valentina"]
[Black "Garcia Martin, Marta"]
[Result "1-0"]
[WhiteElo "2425"]
[BlackElo "2322"]
[PlyCount "99"]
[EventDate "2024.12.30"]
[EventType "swiss (blitz)"]
[EventRounds "11"]
[EventCountry "USA"]
[SourceTitle "CB01_2025"]
[SourceDate "2025.01.01"]
[SourceVersion "1"]
[SourceVersionDate "2025.01.01"]
[SourceQuality "1"]

1. d4 g6 2. e4 Bg7 3. Nc3 d6 4. Be3 a6 5. f4 b5 6. Nf3 Bb7 7. e5 b4 8. Na4 Nh6 9. c3 bxc3 10. Nxc3 Nf5 11. Bf2 dxe5 12. dxe5 Qxd1+ 13. Rxd1 Bxf3 14. gxf3 e6 15. Bd3 Nd7 16. Be4 Rd8 17. Bc6 Ne7 18. Ba4 c6 19. Bh4 f6 20. Ne4 Nd5 21. Bxc6 0-0 22. Rxd5 exd5 23. Bxd5+ Kh8 24. e6 Nb6 25. Bb3 Rde8 26. Kf2 Nc8 27. Rd1 Ne7 28. Nd6 Rd8 29. Nf7+ Rxf7 30. Rxd8+ Rf8 31. Rxf8+ Bxf8 32. Bxf6+ Kg8 33. Bc4 a5 34. a4 h6 35. b3 Kh7 36. Bc3 Nc6 37. Bb5 Bc5+ 38. Ke2 Nb4 39. Bc4 Be7 40. Ke3 Kg8 41. Ke4 Kf8 42. f5 gxf5+ 43. Kxf5 Nc6 44. Kg6 Bd6 45. Bg7+ Ke7 46. Bf6+ Kf8 47. h4 Ne5+ 48. Bxe5 Bxe5 49. Kxh6 Bf6 50. h5 1-0

[Event "Wch Blitz (Women)"]
[Site "New York"]
[Date "2024.12.30"]
[Round "7"]
[White "Gunina, Valentina"]
[Black "Lagno, Kateryna"]
[Result "1-0"]
[WhiteElo "2425"]
[BlackElo "2515"]
[PlyCount "62"]
[EventDate "2024.12.30"]
[EventType "swiss (blitz)"]
[EventRounds "11"]
[EventCountry "USA"]
[SourceTitle "CB01_2025"]
[SourceDate "2025.01.01"]
[SourceVersion "1"]
[SourceVersionDate "2025.01.01"]
[SourceQuality "1"]

1. d4 d5 2. c4 e6 3. Nf3 Nf6 4. Nc3 Be7 5. Bf4 0-0 6. e3 b6 7. Bd3 dxc4 8. Bxc4 Ba6 9. Be2 Qc8 10. 0-0 Bxe2 11. Qxe2 c5 12. dxc5 Bxc5 13. Rac1 Qb7 14. Nb5 Nbd7 15. a3 Rac8 16. Bd6 Rfd8 17. b4 a6 18. bxc5 axb5 19. Qxb5 Qc6 20. Qxc6 Rxc6 21. Nd4 Rcc8 22. c6 Nf8 23. Be7 Rd5 24. a4 Ne4 25. Nb5 Ng6 26. Bb4 Nc5 27. c7 Nd3 28. Na7 Nxc1 29. Nxc8 Ne2+ 30. Kh1 Rd7 31. Bd6 f6 1-0

[Event "Wch Blitz (Women)"]
[Site "New York"]
[Date "2024.12.30"]
[Round "9"]
[White "Gunina, Valentina"]
[Black "Zhu, Jiner"]
[Result "1-0"]
[WhiteElo "2425"]
[BlackElo "2514"]
[PlyCount "55"]
[EventDate "2024.12.30"]
[EventType "swiss (blitz)"]
[EventRounds "11"]
[EventCountry "USA"]
[SourceTitle "CB01_2025"]
[SourceDate "2025.01.01"]
[SourceVersion "1"]
[SourceVersionDate "2025.01.01"]
[SourceQuality "1"]

1. d4 Nf6 2. c4 e6 3. Nf3 b6 4. g3 Bb7 5. Bg2 Bb4+ 6. Bd2 a5 7. 0-0 0-0 8. Nc3 d6 9. Qc2 Nbd7 10. Nb5 Bxd2 11. Qxd2 h6 12. Rfe1 Ne4 13. Qc2 f5 14. d5 e5 15. Nh4 Ndc5 16. Nxf5 Nxf2 17. Rf1 Ng4 18. h3 Nf6 19. Rf2 Ba6 20. Nxh6+ gxh6 21. Qg6+ Kh8 22. Raf1 Nh7 23. Rxf8+ Nxf8 24. Qxh6+ Kg8 25. Rf5 Bxb5 26. Rg5+ Kf7 27. Rg7+ Ke8 28. Qh5+ 1-0

[Event "Wch Blitz (Women)"]
[Site "New York"]
[Date "2024.12.30"]
[Round "1"]
[White "Ouellet, Maili Jade"]
[Black "Gunina, Valentina"]
[Result "0-1"]
[WhiteElo "2386"]
[BlackElo "2425"]
[PlyCount "208"]
[EventDate "2024.12.30"]
[EventType "swiss (blitz)"]
[EventRounds "11"]
[EventCountry "USA"]
[SourceTitle "CB01_2025"]
[SourceDate "2025.01.01"]
[SourceVersion "1"]
[SourceVersionDate "2025.01.01"]
[SourceQuality "1"]

1. d4 d5 2. c4 c6 3. Nc3 Nf6 4. Nf3 dxc4 5. a4 Bf5 6. Ne5 Nbd7 7. Nxc4 Nb6 8. Ne5 a5 9. f3 Nfd7 10. Nxd7 Bxd7 11. e4 e6 12. Be2 Bb4 13. 0-0 0-0 14. Be3 Rc8 15. Na2 Be7 16. Rc1 Kh8 17. b3 f5 18. Qd2 Bd6 19. Qxa5 fxe4 20. fxe4 Qh4 21. e5 Bc7 22. Qd2 h6 23. Nc3 c5 24. g3 Qh3 25. dxc5 Nd5 26. Nxd5 exd5 27. Bd4 Bf5 28. Bd3 Be4 29. Bxe4 dxe4 30. Qe3 Qe6 31. Qxe4 Rfe8 32. b4 Qb3 33. Bc3 Re7 34. Qg4 Rce8 35. e6 Qd5 36. Qg6 Be5 37. Qf5 Bd4+ 38. Bxd4 Qxd4+ 39. Qf2 Qxb4 40. Rce1 Qxa4 41. Re5 Qc4 42. Rfe1 Kg8 43. h4 Qd3 44. Kg2 Qb5 45. Kh2 Qc6 46. Qe3 Qa4 47. Qf2 Qc4 48. Rf1 Qg4 49. Rfe1 Kh8 50. R1e4 Qg6 51. h5 Qh7 52. Rf5 Qg8 53. Rf7 Qh7 54. Rxe7 Rxe7 55. Qf8+ Qg8 56. Qxe7 Qa8 57. Qf7 Qa2+ 58. Kh3 Qb1 59. Qf8+ Kh7 60. Qf5+ Kh8 61. Kg2 Qc2+ 62. Kf3 Qd1+ 63. Re2 Qf1+ 64. Kg4 Qxe2+ 65. Kh4 Qh2+ 66. Kg4 Qe2+ 67. Kh3 Qe1 68. Qd5 Qf1+ 69. Kg4 Qe2+ 70. Kh4 Qh2+ 71. Kg4 Qe2+ 72. Kh3 Qf1+ 73. Kh2 Qe2+ 74. Kg1 Qe1+ 75. Kh2 Qe2+ 76. Kh3 Qf1+ 77. Kg4 Qe2+ 78. Kf4 Qf2+ 79. Ke4 Qg2+ 80. Kd4 Qd2+ 81. Ke5 Qg5+ 82. Kd4 Qd2+ 83. Ke5 Qg5+ 84. Ke4 Qg4+ 85. Ke3 Qxg3+ 86. Qf3 Qe5+ 87. Qe4 Qxc5+ 88. Kd3 Qb5+ 89. Kc3 Qc5+ 90. Kb3 Qb5+ 91. Kc3 Qc5+ 92. Kd2 Qe7 93. Kc3 Kg8 94. Kb3 Kf8 95. Qg6 Qf6 96. Qg4 Ke7 97. Ka3 Qc3+ 98. Ka2 b5 99. Kb1 Qb3+ 100. Kc1 Qc4+ 101. Qxc4 bxc4 102. Kc2 Kxe6 103. Kc3 Kf5 104. Kxc4 Ke5 0-1